| 000 | 00786nam a22002657a 4500 | ||
|---|---|---|---|
| 001 | 00114012 | ||
| 003 | DO-SdBNP | ||
| 005 | 20160928122612.0 | ||
| 007 | 00114012 | ||
| 008 | 160916b 2010 ag||||| |||| 00| 0 spa d | ||
| 020 | _a9789876080729 | ||
| 040 |
_aBPMSU _bspa _cBPMSU |
||
| 082 |
_a746.44 _bT266b |
||
| 245 | 1 |
_aTejido, bordado y telar / _cAna María Keller ...[et al]. ; colaboración Elba Fabro, Yamila Nair Flores |
|
| 300 |
_a192 p. : _bil., _c34 cm. |
||
| 650 | 4 | _aHILADO A MANO | |
| 650 | 4 | _aTEJIDO A MANO | |
| 650 | 4 | _aARTESANIAS TEXTILES | |
| 700 | 1 | 2 | _aKeller, Ana María |
| 700 | 1 | 2 |
_aFabro, Elba _ecolab. |
| 700 | 1 | 2 |
_a Nair Flores,Yamila _ecolab. |
| 910 | _aValidado. Control de calidad MFF | ||
| 942 |
_2ddc _cBK |
||
| 956 |
_aBTAVÁREZ _b10 _c20161609 _d00114012 |
||
| 999 |
_c11430 _d11430 |
||